Electronics Instruments & Measurements (Record no. 4644)

MARC details
000 -LEADER
fixed length control field 00405nam a22001697a 4500
005 - DATE AND TIME OF LATEST TRANSACTION
control field 20160629122730.0
008 - FIXED-LENGTH DATA ELEMENTS--GENERAL INFORMATION
fixed length control field 160629b xxu||||| |||| 00| 0 eng d
020 ## - INTERNATIONAL STANDARD BOOK NUMBER
ISBN 81-88458- 75-9
041 ## - LANGUAGE CODE
Language code of text/sound track or separate title eng
082 ## - DEWEY DECIMAL CLASSIFICATION NUMBER
Item number 12146
100 ## - MAIN ENTRY--AUTHOR NAME
Personal name Anand, M.L
245 ## - TITLE STATEMENT
Title Electronics Instruments & Measurements
260 ## - PUBLICATION, DISTRIBUTION, ETC. (IMPRINT)
Name of publisher Katson
Year of publication 2012
300 ## - PHYSICAL DESCRIPTION
Number of Pages 298
650 ## - SUBJECT ADDED ENTRY--TOPICAL TERM
Topical Term Diploma Engineering
942 ## - ADDED ENTRY ELEMENTS (KOHA)
Koha item type Books
Holdings
Lost status Damaged status Home library Current library Shelving location Date acquired Cost, normal purchase price Full call number Accession Number Koha item type Collection code Source of acquisition
    JRU Library   SHELF-39-M 29/06/2016 150.00 12146 12146 Books    
    JRU Library   SHELF-39-N 29/06/2016 150.00 12146 12147 Books    
    JRU Library   SHELF-39-N 29/06/2016 150.00 12146 12148 Books    
    JRU Library     29/06/2016 150.00 12146 12149 Books    
    JRU Library   SHELF -72- G 29/06/2016 150.00   12150 Books Reference  
    JRU Library   SHELF-39-N 29/06/2016 150.00 12146 12151 Books    
    JRU Library   SHELF-39-N 29/06/2016 150.00 12146 12152 Books    
    JRU Library   SHELF-39-N 29/06/2016 150.00 12146 12153 Books    
    JRU Library   SHELF-39-M 29/06/2016 150.00 12146 12154 Books    
    JRU Library   SHELF-39-M 29/06/2016 150.00 12146 12155 Books    
    JRU Library   SHELF-39-N 29/06/2016 150.00 12146 12156 Books    
    JRU Library   SHELF-39-N 29/06/2016 150.00 12146 12157 Books    
    JRU Library   SHELF-39-N 29/06/2016 150.00 12146 12158 Books    
    JRU Library JRU Library SHELF-106-E 29/06/2016 150.00 621.374 12159 Books PARAMEDICAL PURCHASE
    JRU Library JRU Library SHELF-106-E 29/06/2016 150.00 621.374 12160 Books PARAMEDICAL PURCHASE
    JRU Library   SHELF-39-N 29/06/2016 150.00 12146 12161 Books    
    JRU Library   SHELF-39-N 29/06/2016 150.00 12146 12162 Books    
    JRU Library     29/06/2016 150.00 12146 12163 Books    
    JRU Library   SHELF-39-N 29/06/2016 150.00 12146 12164 Books    
    JRU Library   SHELF-39-N 29/06/2016 150.00 12146 12165 Books    
    JRU Library   SHELF-39-N 29/06/2016 150.00 12146 12166 Books    
    JRU Library     29/06/2016 150.00 12146 12167 Books    
    JRU Library   SHELF-39-N 29/06/2016 150.00 12146 12168 Books    
    JRU Library   SHELF-39-M 29/06/2016 150.00 12146 12169 Books    
    JRU Library   SHELF-39-M 29/06/2016 150.00 12146 12170 Books    
    JRU Library   SHELF-39-M 29/06/2016 150.00 12146 12171 Books    
    JRU Library     29/06/2016 150.00 12146 12172 Books    
    JRU Library   SHELF-38-N 29/06/2016 150.00 12146 12173 Books    
    JRU Library     29/06/2016 150.00 12146 12174 Books    
    JRU Library   SHELF-39-N 29/06/2016 150.00 12146 12175 Books    
    JRU Library   SHELF-39-N 29/06/2016 150.00 12146 12176 Books